| Tag |
First Indicator |
Second Indicator |
Subfields |
| LEADER |
00000cam a2200000 4500 |
| 001 |
in00000030391 |
| 005 |
20151007061556.0 |
| 008 |
770425s1929 sp h b 00000bspam |
| 010 |
|
|
|a 30030083
|
| 035 |
|
|
|a (OCoLC)02915694
|
| 035 |
|
|
|9 AAD2483AM
|
| 040 |
|
|
|a DLC
|c SUC
|d SUC
|d TXA
|d UtOrBLW
|
| 049 |
|
|
|a TXAS
|c [1700874]
|
| 050 |
0 |
0 |
|a PQ8519.H5
|b Z6 1929
|
| 082 |
0 |
|
|a 928.6
|
| 100 |
1 |
|
|a Falcao Espalter, Mario,
|d 1892-
|
| 245 |
1 |
3 |
|a El poeta uruguayo Bartolome Hidalgo :
|b su vida y sus obras.
|
| 250 |
|
|
|a 2. ed.
|
| 264 |
|
1 |
|a Madrid :
|b [Graficas reunidas, s.a.],
|c 1929.
|
| 300 |
|
|
|a 157 pages :
|b facsimiles (part double) ;
|c 21 cm.
|
| 336 |
|
|
|a text
|b txt
|2 rdacontent
|
| 337 |
|
|
|a unmediated
|b n
|2 rdamedia
|
| 338 |
|
|
|a volume
|b nc
|2 rdacarrier
|
| 500 |
|
|
|a Published 1918 under title : El poeta oriental Bartolome Hidalgo .
|
| 500 |
|
|
|a Author's autograph copy.
|
| 504 |
|
|
|a "Fuentes documentales y bibliograficas " : pages 150-155.
|
| 600 |
1 |
0 |
|a Hidalgo, Bartolomé,
|d 1788-1822.
|
| 999 |
|
|
|a MARS
|
| 999 |
f |
f |
|s 57904fba-4304-3fd1-a32c-004bc02d4e1d
|i 8cf7bdd3-c952-3df1-945c-9482147eaf10
|t 0
|
| 952 |
f |
f |
|p noncirc
|a Texas A&M University
|b College Station
|c Cushing Memorial Library & Archives
|d Cushing: Dykes (Does not check out)
|t 0
|e PQ8519.H5 Z6 1929
|h Library of Congress classification
|i unmediated -- volume
|m A14851719006
|
| 998 |
f |
f |
|a PQ8519.H5 Z6 1929
|t 0
|l Cushing: Dykes (Does not check out)
|